|
|
|
|
| LEADER |
00000nam0a2200000 4500 |
| 001 |
93423 |
| 005 |
20231031105157.0 |
| 035 |
|
|
|a (RuTPU)RU\TPU\book\100034
|
| 090 |
|
|
|a 93423
|
| 100 |
|
|
|a 20060329d1969 km y0rusy50 ca
|
| 101 |
0 |
|
|a rus
|
| 102 |
|
|
|a RU
|
| 105 |
|
|
|a a z 000zy
|
| 200 |
1 |
|
|a Что такое генетика
|f М. Е. Лобашев
|
| 210 |
|
|
|a Ленинград
|d 1969
|
| 215 |
|
|
|a 95 с.
|c ил.
|
| 225 |
1 |
|
|a Общество "Знание" РСФСР. Ленинградская организация
|
| 610 |
1 |
|
|a генетика
|
| 610 |
1 |
|
|a наследственность
|
| 610 |
1 |
|
|a законы
|
| 610 |
1 |
|
|a изменчивость
|
| 610 |
1 |
|
|a ДНК
|
| 610 |
1 |
|
|a РНК
|
| 675 |
|
|
|a 57
|v 3
|
| 700 |
|
1 |
|a Лобашев
|b М. Е.
|g Михаил Ефимович
|
| 801 |
|
1 |
|a RU
|b 63413507
|c 20060329
|g PSBO
|
| 801 |
|
2 |
|a RU
|b 63413507
|c 20140605
|g PSBO
|
| 942 |
|
|
|c BK
|